000 00623nam a2200205 4500
001 109174
003 ES-MaACL
005 20231204173936.0
007 t|
008 061121s1962 sp r ||||1| spa d
100 1 _aMuelas, Federico,
_d1909-1974
_984034
245 1 0 _aSorpresa de España /
_cFederico Muelas ; fotografías Kindel.
250 _a1ª ed.
260 _aMadrid :
_bSucesores de Rivadeneyra,
_c1962.
300 _a157 p., 8 lám :
_bil. ;
_c34 cm.
651 4 _aEspaña-
_xDescripción-
_yS.XX.
_98187
700 0 _aKindel (
_d1905-1989)
_9172693
852 _aES-MaACL
_jC-21953
999 _c109174
_d109174